Gaming Quiz

Random Gaming or Clickable Quiz

Clickable Concentration Quiz Stats

 Plays Quiz Updated Sep 12, 2012

Support Sporcle.
Go Orange.
Score 0/52 Timer 02:00
114 Plays Today
% Correct
???
51.3%
???
51.3%
???
51.2%
???
51.2%
???
51.2%
???
51.2%
???
51.2%
???
51.2%
???
51.2%
???
51.2%
???
51.2%
???
51.2%
???
51.2%
???
51.2%
???
51.2%
???
51.2%
???
51.2%
???
51.2%
???
51.2%
???
51.2%
???
51.1%
???
51.1%
???
51.1%
???
51.1%
???
51.1%
???
51.1%
% Correct
???
51.1%
???
51.1%
???
51%
???
51%
???
51%
???
51%
???
51%
???
51%
???
51%
???
51%
???
50.9%
???
50.9%
???
50.9%
???
50.9%
???
50.9%
???
50.9%
???
50.9%
???
50.9%
???
50.8%
???
50.8%
???
50.8%
???
50.8%
???
50.7%
???
50.7%
???
50.6%
???
50.6%

You're not logged in!

Compare scores with friends on all Sporcle quizzes.
OR
Log In

From the Vault

Aliens Attack!

by JoeBeta

We heard a funny joke about aliens the other day. It was out of this world!
Remove Ads.
Support Sporcle.
Get the best of Sporcle when you Go Orange. This ad-free experience offers more features, more stats, and more fun while also helping to support Sporcle. Thank you for becoming a member.

Show Comments

Extras

Top Quizzes Today


Score Distribution

Your Account Isn't Verified!

In order to create a playlist on Sporcle, you need to verify the email address you used during registration. Go to your Sporcle Settings to finish the process.

Report this User

Report this user for behavior that violates our Community Guidelines.

Details: